000 01013cam a2200253 a 4500
001 000019956
005 20240313135919.0
008 820309s1960 enka 000 0 eng d
040 _aDO-SdBNP
_beng
_cLC
_dBNPHU
050 0 0 _aHC145
_b.M4
082 _ann*
_bM416c
100 1 _a Mejía-Ricart G., Marcio,
_d1933-
_q(Mejía-Ricart Guzmán), |
_98411
245 1 0 _aCrisis of small states in the present economic world /
_cMarcio A. Mejia-Ricart.
260 _aLondon :
_bFarm Intelligence Limited,
_c1960.
300 _a98 p. :
_bil. ;
_c22 cm.
490 1 _aBank of London & South America Limited
500 _a"En el Estudio de los problemas de los pequeños estados subdesarrollados, con especial referencia a América Central y la zona del Caribe.
650 0 _aStates, small.
_942553
651 0 _aDeveloping Countries.
_942554
651 0 _aLatin America
_xEconomic Conditions.
_928874
830 0 _aBank of London & South America Limited
_942555
910 _aCatalogación derivada / LC
049 _aBNGR
999 _c19469
_d19469